| 000 | 00762nam a2200205 i 4500 | ||
|---|---|---|---|
| 001 | 98652 | ||
| 003 | ES-MaACL | ||
| 005 | 20230906182335.0 | ||
| 007 | t| | ||
| 008 | 931025s1879 sp ||||1| spa d | ||
| 040 |
_aPAB _bspa _cPAB |
||
| 100 | 1 |
_aEguizabal, José Eugenio de. _946766 |
|
| 245 | 1 | 0 |
_aApuntes para una historia de la legislación española sobre imprenta desde el año de 1480 al presente / _credactados por José Eugenio de Eguizabal. |
| 260 |
_aMadrid : _b[s.n.], _c1879 ( _fImp. de la Revista de Legislación) |
||
| 300 |
_aXLVII, 406 p. ; _c22 cm. |
||
| 490 | 1 |
_aBiblioteca jurídica de autores españoles ; _v3 |
|
| 830 | 0 |
_aBiblioteca jurídica de autores españoles ; _v3 _9181120 |
|
| 852 |
_aES-MaACL _jF-14636 |
||
| 999 |
_c98652 _d98652 |
||